000
00326 a2200109 4500
001
ART_31294
005
20260410161840.0
008
260409a
245
1
0
_a
Responsabilidad penal de los funcionarios públicos
100
1
_a
Stortoni, Gabriela A.
773
0
_t
RAP
_g
- Año 36, Nº 427 (abr. 2014)
_w
REV5941
999
_c
24027
_d
24027